|
|
|
|
| LEADER |
01105nam a2200265 a 4500 |
| 008 |
090824s1992 nyua 001 0 eng d |
| 020 |
|
|
|a 0675131162 (student edition)
|
| 020 |
|
|
|a 0675131170
|
| 040 |
|
|
|a EXC
|c EXC
|d ORU
|d BAKER
|d OXG
|
| 082 |
0 |
0 |
|a 512
|2 20
|
| 245 |
1 |
0 |
|a Merrill algebra 1 :
|b applications and connections /
|c Alan G. Foster ... et.al.
|
| 246 |
3 |
|
|a Merrill Algebra one, applications and connections.
|
| 246 |
3 |
|
|a Algebra one, applications and connections
|
| 246 |
3 |
0 |
|a Algebra 1, applications and connections
|
| 250 |
|
|
|a Teacher's wraparound ed.
|
| 260 |
|
|
|a New York :
|b Glencoe,
|c 1992.
|
| 300 |
|
|
|a 1 v. (various pagings) :
|b ill. ;
|c 28 cm.
|
| 504 |
|
|
|a Includes index.
|
| 541 |
1 |
|
|e 00011507
|
| 650 |
|
0 |
|a Algebra
|x Study and teaching (Secondary)
|
| 700 |
1 |
|
|a Foster, Alan G.
|
| 710 |
2 |
|
|a Glencoe Publishing Co.
|
| 852 |
4 |
|
|a Ayesha Abed Library
|j General shelf
|
| 999 |
|
|
|c 3591
|d 3591
|
| 952 |
|
|
|0 0
|1 4
|2 ddc
|4 0
|6 512_000000000000000_MER
|7 0
|9 3260
|a BRACUL
|b BRACUL
|c GEN
|d 2009-09-02
|g 0.00
|l 0
|o 512 MER
|p 3010011507
|r 2009-09-02
|t 1
|w 2009-09-02
|y BK
|x No price found in the accession register.
|